000 00783cam a22002537a 4500
003 CHAP
005 20220329134510.0
008 971013s1962 r 00010 d
010 _a21237
011 _a22209
035 _a26302
040 _cCHAP
082 _a583.32
_bB6
100 0 0 _aBorja Carbonell, J.
_913879
245 1 4 _aLas "mielgas" y "carretones" españoles ; estudio botánico del género Medicago L.
260 _aMadrid :
_bInstituto Nacional de Investigaciones Agronómicas,
_c1962
300 _a59 p.
_b: ilus.
590 _aBATCH-UPD
_b10
_c20130110
_lUCH01
_h2312
590 _aCONVERSION
_b10
_c20130109
_lUCH01
_h1313
650 1 4 _aMedicago.
_973896
901 _aBK
942 _cLIBRO
949 _a583.32 B6
_bBC
_cLIBRO
_d33724000454898
_eLIBRO
_h9788
_i26302
_si
999 _c21237
_d21237